Discurso de recepción pronunciado en la Real Academia Española / (Record no. 94305)

MARC details
000 -LEADER
campo de control de longitud fija 00923cam a2200253 a 4500
001 - NÚMERO DE CONTROL
campo de control 30466
005 - FECHA Y HORA DE LA ÚLTIMA TRANSACCIÓN
campo de control 20230410142348.0
008 - DATOS DE LONGITUD FIJA--INFORMACIÓN GENERAL
campo de control de longitud fija 831013s1982 ve c f000 0 spa
035 ## - NÚMERO DE CONTROL DEL SISTEMA
-- (DLC) 83213223
035 ## - NÚMERO DE CONTROL DEL SISTEMA
Número de control de sistema 4253157
010 ## - NÚMERO DE CONTROL DE LA BIBLIOTECA DEL CONGRESO
Número de control de LC 83213223
040 ## - FUENTE DE CATALOGACIÓN
Centro catalogador/agencia de origen DLC
Centro/agencia transcriptor DLC
Centro/agencia modificador DLC
050 14 - SIGNATURA TOPOGRÁFICA DE LA BIBLIOTECA DEL CONGRESO
Número de clasificación BX1753.D573
Número de ítem B37 1982
100 1# - ENTRADA PRINCIPAL--NOMBRE DE PERSONA
Nombre de persona Baralt, Rafael María,
Fechas asociadas al nombre 1810-1860.
245 10 - MENCIÓN DEL TÍTULO
Título Discurso de recepción pronunciado en la Real Academia Española /
Mención de responsabilidad, etc. Rafael María Baralt.
250 ## - MENCION DE EDICION
Mención de edición Ed. facsimilar.
260 ## - PUBLICACIÓN, DISTRIBUCIÓN, ETC.
Lugar de publicación, distribución, etc. Caracas :
Nombre del editor, distribuidor, etc. Presidencia de la República,
Fecha de publicación, distribución, etc. 1982.
300 ## - DESCRIPCIÓN FÍSICA
Extensión 46 p. :
Otras características físicas port. ;
Dimensiones 24 cm.
600 20 - PUNTO DE ACCESO ADICIONAL DE MATERIA--NOMBRE DE PERSONA
Nombre de persona Donoso Cortés, Juan,
Títulos y otros términos asociados al nombre marqués de Valdegamas,
Fechas asociadas al nombre 1809-1853.
Título de la obra Ensayo sobre el catolicismo, el liberalismo y el socialismo.
650 #0 - PUNTO DE ACCESO ADICIONAL DE MATERIA--TÉRMINO DE MATERIA
Término de materia o nombre geográfico como elemento de entrada Christian sociology
Subdivisión general Catholic Church.
650 #0 - PUNTO DE ACCESO ADICIONAL DE MATERIA--TÉRMINO DE MATERIA
Término de materia o nombre geográfico como elemento de entrada Socialism and Christianity
Subdivisión general Catholic Church.
610 20 - PUNTO DE ACCESO ADICIONAL DE MATERIA--NOMBRE DE ENTIDAD CORPORATIVA
Nombre de entidad corporativa o nombre de jurisdicción como elemento de entrada Catholic Church
Subdivisión general Doctrines.
942 ## - ELEMENTOS DE ENTRADA SECUNDARIOS (KOHA)
Fuente del sistema de clasificación o colocación Clasificación de Library of Congress
Tipo de ítem Koha
Holdings
Estatus retirado Estado de pérdida Fuente del sistema de clasificación o colocación Estado de daño No para préstamo Colección Biblioteca de origen Biblioteca actual Ubicación en estantería Fecha de adquisición Serial enumeration / chronology Signatura topográfica completa Código de barras Visto por última vez Copia número Tipo de ítem Koha
    Clasificación de Library of Congress     Humanidades Biblioteca Juan Bosch Biblioteca Juan Bosch Humanidades (4to. Piso) 10/04/2023 1 BX1753.D573 B37 1982 00000032865 17/11/2018 1